000 02129cam a2200421 a 4500
999 _c20478
_d20478
005 20191010063115.0
008 110614s2011 ck abf b 001 0 spa c
020 _a9789587164022
020 _a9587164024
040 _aIXA
_cIXA
_dOCLCA
_dDLC
041 1 _aspa
_hfre
042 _apcc
043 _as-ck---
044 _ack
082 _a508.861
_bG52e
100 _aGómez Gutiérrez, Alberto,
_d1958-
245 1 3 _aLa expedición helvética :
_bviaje de exploración científica por Colombia en 1910 de los profesores Otto Fuhrmann y Eugène Mayor /
_cAlberto Gómez Gutiérrez, editor.
246 3 0 _aViaje de exploración científica por Colombia en 1910 de los profesores Otto Fuhrmann y Eugène Mayor
250 _a1. ed.
260 _aBogotá, D.C. :
_bPontificia Universidad Javeriana :
_bDepartamento Administrativo de Ciencia, Tecnología e Innovación Colciencias :
_bAsociación Colombiana para el Avance de la Ciencia :
_bEmbajada de Suiza,
_c2011.
300 _a485 p., [1] folded leaf of plates :
_bill., maps ;
_c25 cm. +
_e1 CD-ROM (3 in.)
500 _aEl CD-ROM que lo acompaña tiene edición digital. del Voyage d'exploration scientifique en Colombie (Neuchâtel, 1912). La versión impresa es una síntesis de todo el trabajo en el "Viaje".
500 _aEd. Digital. por Alberto Gómez Gutiérrez y Fernando Salazar Holguín.
500 _aEd. Digital. por Alberto Gómez Gutiérrez y Fernando Salazar Holguín.
504 _aIncluye referencias bibliográficas (p. [237] -251) e índice.
600 1 0 _aFuhrmann, O.
600 1 0 _aMayor, Eug.
650 0 _aScientific expeditions
_zColombia.
650 0 _aNatural history
_zColombia.
651 0 _aColombia
_xDescription and travel.
700 1 _aMayor, Eug.
700 1 _aGómez Gutiérrez, Alberto,
_d1958-
700 1 _aSalazar Holguín, Fernando.
740 0 2 _aItinérarie de voyage en Colombia.
906 _a7
_bcbc
_cpccadap
_d2
_encip
_f20
_gy-gencatlg
942 _2ddc
_cLIBRO